2023-24 Champions League First XI - Statistics

General Stats
  • This quiz has been taken 1,378 times
  • The average score is 140 of 352
Answer Stats
Team Player % Correct
Bayern Munich Harry Kane
93%
Bayern Munich Kim Min-jae
93%
Bayern Munich Alphonso Davies
92%
Manchester United André Onana
92%
Real Madrid David Alaba
90%
Bayern Munich Joshua Kimmich
89%
Inter Milan Lautaro Martínez
89%
Manchester United Lisandro Martínez
88%
Manchester United Bruno Fernandes
87%
Bayern Munich Dayot Upamecano
87%
Manchester United Casemiro
86%
Manchester United Christian Eriksen
86%
Bayern Munich Leroy Sané
86%
Manchester United Diogo Dalot
85%
Bayern Munich Jamal Musiala
85%
Bayern Munich Leon Goretzka
85%
Arsenal Martin Ødegaard
85%
Manchester United Rasmus Højlund
85%
Manchester United Victor Lindelöf
85%
Arsenal Bukayo Saka
84%
Real Madrid Jude Bellingham
84%
Real Madrid Luka Modrić
84%
Bayern Munich Serge Gnabry
84%
Real Madrid Antonio Rüdiger
83%
Manchester City Bernardo Silva
83%
Arsenal Gabriel Jesus
83%
Napoli Juan Jesus
83%
Manchester United Marcus Rashford
83%
Manchester City Ederson
82%
Manchester City Erling Haaland
82%
Paris Saint-Germain Gianluigi Donnarumma
82%
FC Barcelona Marc-André ter Stegen
82%
Real Madrid Rodrygo
82%
Arsenal William Saliba
82%
Paris Saint-Germain Achraf Hakimi
81%
Arsenal David Raya
81%
FC Barcelona Frenkie de Jong
81%
PSV Eindhoven Luuk de Jong
81%
Arsenal Oleksandr Zinchenko
81%
FC Barcelona Robert Lewandowski
81%
Manchester City Rodri
81%
Manchester City Rúben Dias
81%
Napoli Victor Osimhen
81%
Inter Milan Yann Sommer
81%
Benfica António Silva
80%
Real Madrid Aurélien Tchouaméni
80%
Real Madrid Eduardo Camavinga
80%
Arsenal Gabriel
80%
Atletico Madrid Jan Oblak
80%
Paris Saint-Germain Kylian Mbappé
80%
Manchester City Phil Foden
80%
Benfica Rafa Silva
80%
Manchester City Kyle Walker
79%
Manchester City Nathan Aké
79%
Atletico Madrid Antoine Griezmann
78%
Arsenal Kai Havertz
78%
Napoli Khvicha Kvaratskhelia
78%
Arsenal Leandro Trossard
78%
FC Barcelona Andreas Christensen
77%
Arsenal Ben White
77%
Arsenal Declan Rice
77%
Borussia Dortmund Emre Can
77%
Paris Saint-Germain Marquinhos
77%
FC Barcelona Gavi
76%
Manchester City Julián Álvarez
76%
Paris Saint-Germain Ousmane Dembélé
76%
AC Milan Mike Maignan
75%
Newcastle United Alexander Isak
74%
FC Barcelona İlkay Gündoğan
74%
AC Milan Rafael Leão
74%
FC Barcelona Raphinha
74%
Bayern Munich Konrad Laimer
73%
Borussia Dortmund Gregor Kobel
72%
FC Barcelona João Cancelo
72%
FC Barcelona Jules Koundé
72%
Inter Milan Denzel Dumfries
71%
Paris Saint-Germain Lucas Hernandez
71%
Paris Saint-Germain Milan Škriniar
71%
AC Milan Olivier Giroud
71%
Bayern Munich Sven Ulreich
71%
AC Milan Théo Hernandez
71%
Atletico Madrid Stefan Savić
70%
AC Milan Fikayo Tomori
69%
FC Barcelona João Félix
69%
Real Madrid Joselu
69%
Real Madrid Kepa Arrizabalaga
69%
Napoli Piotr Zieliński
69%
Paris Saint-Germain Vitinha
69%
Paris Saint-Germain Manuel Ugarte
68%
Newcastle United Nick Pope
68%
Inter Milan Nicolò Barella
68%
Newcastle United Sandro Tonali
68%
Inter Milan Stefan de Vrij
68%
Galatasaray Fernando Muslera
67%
Napoli André-Frank Zambo Anguissa
66%
Newcastle United Bruno Guimarães
66%
Inter Milan Henrikh Mkhitaryan
66%
Borussia Dortmund Marcel Sabitzer
66%
Borussia Dortmund Mats Hummels
66%
Galatasaray Mauro Icardi
66%
Napoli Giovanni Di Lorenzo
65%
FC Barcelona Alejandro Balde
63%
Napoli Alex Meret
63%
Borussia Dortmund Donyell Malen
63%
Newcastle United Fabian Schär
63%
Napoli Stanislav Lobotka
63%
Newcastle United Kieran Trippier
62%
Inter Milan Alessandro Bastoni
61%
Inter Milan Marko Arnautović
61%
Real Madrid Nacho
61%
Real Sociedad Takefusa Kubo
61%
Newcastle United Anthony Gordon
60%
Paris Saint-Germain Randal Kolo Muani
60%
Atletico Madrid Saúl
60%
Lazio Ciro Immobile
59%
Porto Mehdi Taremi
59%
Borussia Dortmund Niklas Süle
59%
Atletico Madrid Nahuel Molina
58%
Newcastle United Sven Botman
58%
Atletico Madrid Axel Witsel
57%
Paris Saint-Germain Warren Zaïre-Emery
57%
Atletico Madrid Álvaro Morata
56%
Inter Milan Benjamin Pavard
56%
Sevilla Ivan Rakitić
56%
Manchester City Matheus Nunes
56%
Porto Diogo Costa
55%
Real Madrid Lucas Vázquez
55%
Borussia Dortmund Nico Schlotterbeck
55%
Sevilla Youssef En-Nesyri
55%
Atletico Madrid Marcos Llorente
54%
Napoli Matteo Politano
54%
AC Milan Ruben Loftus-Cheek
54%
Manchester City Sergio Gómez
54%
Braga Víctor Gómez
52%
RB Leipzig Emil Forsberg
51%
Manchester United Facundo Pellistri
51%
Borussia Dortmund Karim Adeyemi
51%
RB Leipzig Loïs Openda
51%
Sevilla Sergio Ramos
51%
RB Leipzig Xavi Simons
51%
AC Milan Davide Calabria
50%
Galatasaray Dries Mertens
50%
Galatasaray Hakim Ziyech
50%
Real Sociedad Mikel Oyarzabal
50%
Manchester United Sergio Reguilón
50%
Napoli Amir Rrahmani
49%
Porto Pepe
49%
Borussia Dortmund Julian Brandt
48%
AC Milan Malick Thiaw
48%
RB Leipzig Yussuf Poulsen
47%
Real Sociedad Kieran Tierney
46%
Celtic Joe Hart
45%
Real Sociedad Mikel Merino
45%
Benfica Nicolás Otamendi
45%
Newcastle United Dan Burn
43%
Sevilla Lucas Ocampos
43%
Galatasaray Lucas Torreira
43%
AC Milan Samuel Chukwueze
43%
PSV Eindhoven Sergiño Dest
42%
Borussia Dortmund Julian Ryerson
40%
Benfica Ángel Di María
39%
Lens Brice Samba
39%
Sevilla Fernando
39%
RB Leipzig Kevin Kampl
39%
Lazio Luis Alberto
39%
Napoli Mathías Olivera
39%
AC Milan Rade Krunić
38%
Union Berlin Leonardo Bonucci
37%
Atletico Madrid Mario Hermoso
37%
Lazio Felipe Anderson
36%
Lazio Daichi Kamada
35%
Sevilla Nemanja Gudelj
35%
Galatasaray Sacha Boey
35%
Newcastle United Sean Longstaff
35%
Union Berlin Sheraldo Becker
35%
Young Boys Ulisses Garcia
35%
Real Sociedad Martín Zubimendi
34%
Real Sociedad Álex Remiro
33%
Benfica Anatoliy Trubin
33%
RB Leipzig David Raum
33%
RB Leipzig Mohamed Simakan
33%
Real Sociedad Robin Le Normand
33%
PSV Eindhoven Walter Benítez
33%
Lazio Ivan Provedel
32%
Benfica Orkun Kökçü
32%
Real Sociedad Hamari Traoré
31%
Inter Milan Kristjan Asllani
31%
Atletico Madrid Samuel Lino
31%
Benfica | Porto João Mário
30%
Lens Kevin Danso
30%
Benfica Alexander Bah
29%
Sevilla Djibril Sow
29%
Newcastle United Jacob Murphy
29%
Lens Przemysław Frankowski
29%
Lazio Adam Marušić
27%
Sevilla Marko Dmitrović
27%
RB Salzburg Alexander Schlager
26%
Galatasaray Angeliño
26%
RB Leipzig Xaver Schlager
26%
Lens Elye Wahi
25%
Sevilla Erik Lamela
25%
Lens Facundo Medina
25%
Porto Galeno
25%
Borussia Dortmund Marius Wolf
25%
Inter Milan Carlos Augusto
24%
Celtic Daizen Maeda
24%
Lazio Matías Vecino
24%
Lazio Alessio Romagnoli
23%
RB Leipzig Castello Lukeba
23%
Benfica João Neves
23%
Union Berlin Robin Gosens
23%
Royal Antwerp Toby Alderweireld
23%
PSV Eindhoven Johan Bakayoko
22%
RB Leipzig Benjamin Henrichs
21%
Union Berlin Frederik Rønnow
21%
Benfica Fredrik Aursnes
21%
Lazio Mattia Zaccagni
21%
Feyenoord Dávid Hancko
20%
Union Berlin Josip Juranović
20%
Galatasaray Kerem Aktürkoğlu
20%
Atletico Madrid Pablo Barrios
20%
Porto Stephen Eustáquio
20%
RB Salzburg Strahinja Pavlović
20%
Braga Al-Musrati
19%
RB Leipzig Janis Blaswich
19%
Braga Ricardo Horta
19%
Porto Zaidu Sanusi
19%
Real Sociedad Brais Méndez
18%
FC Copenhagen Kamil Grabara
18%
RB Salzburg Karim Konaté
18%
PSV Eindhoven Noa Lang
18%
Lazio Patric
18%
Braga Abel Ruiz
17%
Union Berlin Alex Král
17%
PSV Eindhoven Joey Veerman
17%
Galatasaray Kerem Demirbay
17%
Feyenoord Quinten Timber
17%
Celtic Kyogo Furuhashi
16%
Lens Nampalys Mendy
16%
PSV Eindhoven Olivier Boscagli
16%
AC Milan Tommaso Pobega
16%
Celtic Callum McGregor
15%
Galatasaray Victor Nelsson
15%
Union Berlin Diogo Leite
14%
Lens Florian Sotoca
14%
Real Sociedad Igor Zubeldia
14%
Braga Matheus
14%
FC Copenhagen Mohamed Elyounoussi
14%
Benfica Petar Musa
14%
Celtic Alistair Johnston
13%
Feyenoord Igor Paixão
13%
PSV Eindhoven Jordan Teze
13%
Feyenoord Lutsharel Geertruida
13%
Feyenoord Yankuba Minteh
13%
Braga Bruma
12%
Union Berlin Danilho Doekhi
12%
Lens Deiver Machado
12%
Feyenoord Gernot Trauner
12%
PSV Eindhoven Ismael Saibari
12%
Union Berlin Lucas Tousart
12%
Celtic Matt O'Riley
12%
Union Berlin Aïssa Laïdouni
11%
FC Copenhagen Denis Vavro
11%
FC Copenhagen Diogo Gonçalves
11%
PSV Eindhoven Jerdy Schouten
11%
Braga José Fonte
11%
Union Berlin Kevin Behrens
11%
RB Salzburg Oscar Gloukh
11%
Lens Salis Abdul Samed
11%
Shakhtar Donetsk Taras Stepanenko
11%
Royal Antwerp Vincent Janssen
11%
Galatasaray Abdülkerim Bardakcı
10%
Real Sociedad Ander Barrenetxea
10%
Lens Jonathan Gradit
10%
Celtic Reo Hatate
10%
PSV Eindhoven Armel Bella-Kotchap
9%
FC Copenhagen Jordan Larsson
9%
FC Copenhagen Kevin Diks
9%
Lazio Luca Pellegrini
9%
Feyenoord Mats Wieffer
9%
Porto Alan Varela
8%
Red Star Belgrade Aleksandar Dragović
8%
RB Salzburg Amar Dedić
8%
Royal Antwerp Arthur Vermeeren
8%
Feyenoord Calvin Stengs
8%
Red Star Belgrade Hwang In-beom
8%
Royal Antwerp Jean Butez
8%
Celtic Luis Palma
8%
Feyenoord Timon Wellenreuther
8%
Sevilla Adrià Pedrosa
7%
Lens Angelo Fulgini
7%
Porto David Carmo
7%
Celtic Greg Taylor
7%
Shakhtar Donetsk Heorhiy Sudakov
7%
Young Boys Mohamed Ali Camara
7%
Red Star Belgrade Osman Bukari
7%
Braga Álvaro Djaló
6%
FC Copenhagen Birger Meling
6%
RB Salzburg Lucas Gourna-Douath
6%
Feyenoord Luka Ivanušec
6%
RB Salzburg Maurits Kjærgaard
6%
Young Boys Meschak Elia
6%
Red Star Belgrade Omri Glazer
6%
Feyenoord Quilindschy Hartman
6%
FC Copenhagen Rasmus Falk
6%
RB Salzburg Roko Šimić
6%
Braga Vitor Carvalho
6%
Young Boys Cedric Itten
5%
Red Star Belgrade Cherif Ndiaye
5%
FC Copenhagen Elias Achouri
5%
FC Copenhagen Elias Jelert
5%
FC Copenhagen Lukas Lerager
5%
Royal Antwerp Mandela Keita
5%
Royal Antwerp Owen Wijndal
5%
Red Star Belgrade Stefan Mitrović
5%
RB Salzburg Aleksa Terzić
4%
Braga Cristian Borja
4%
Shakhtar Donetsk Danylo Sikan
4%
Royal Antwerp Jelle Bataille
4%
Sevilla Juanlu
4%
Royal Antwerp Jurgen Ekkelenkamp
4%
Celtic Liam Scales
4%
RB Salzburg Mads Bidstrup
4%
Red Star Belgrade Marko Stamenic
4%
Red Star Belgrade Milan Rodić
4%
Red Star Belgrade Mirko Ivanić
4%
Red Star Belgrade Nasser Djiga
4%
Shakhtar Donetsk Oleksandr Zubkov
4%
Braga Sikou Niakaté
4%
Royal Antwerp Soumaïla Coulibaly
4%
Young Boys Anthony Racioppi
3%
Royal Antwerp Arbnor Muja
3%
Shakhtar Donetsk Dmytro Riznyk
3%
Young Boys Filip Ugrinic
3%
Celtic Gustaf Lagerbielke
3%
Porto Iván Jaime
3%
Shakhtar Donetsk Kevin Kelsy
3%
Royal Antwerp Michel-Ange Balikwisha
3%
Young Boys Saidy Janko
3%
Young Boys Sandro Lauper
3%
Red Star Belgrade Srđan Mijailović
3%
Shakhtar Donetsk Yaroslav Rakitskyi
3%
Shakhtar Donetsk Yukhym Konoplya
3%
Porto André Franco
2%
Young Boys Aurèle Amenda
2%
Young Boys Cheikh Niasse
2%
Young Boys Loris Benito
2%
Shakhtar Donetsk Novatus Miroshi
2%
RB Salzburg Samson Baidoo
2%
Shakhtar Donetsk Stav Lemkin
2%
Shakhtar Donetsk Yehor Nazaryna
1%
No matching quizzes found
Score Distribution
Percent of People with Each Score
Percentile by Number Answered
Your Score History
You have not taken this quiz